| 000 | 00561nam a2200193 i 4500 | ||
|---|---|---|---|
| 001 | 91941 | ||
| 003 | ES-MaACL | ||
| 005 | 20230906180848.0 | ||
| 007 | t| | ||
| 008 | 050309s2004 sp ||||1| spa d | ||
| 020 | _a84-206-4313-0 | ||
| 080 | _a791.43(049.3) | ||
| 100 | 1 |
_aTorres, Augusto M. _9110879 |
|
| 245 | 1 | 0 |
_aHistorias del cine _b: un invento sin futuro / _cAugusto M. Torres. |
| 260 |
_aMadrid : _bAlianza Editorial, _c[2004] |
||
| 300 |
_a447 p. : _bil. ; _c25 cm. |
||
| 650 | 1 | 4 |
_aCine- _vCrÃticas. _911020 |
| 852 |
_aES-MaACL _jL-28994 _bR.135558 |
||
| 999 |
_c91941 _d91941 |
||